000 00692nam a22002537a 4500
001 50801
003 UA-OsUOA
005 20191121100233.0
007 ta
008 20140626b un ||||| |||| 00| 0 ukr d
040 _aUA-OsUOA
_bukr
_cUA-OsUOA
_dUA-OsUOA
041 _aukr
080 _a01
090 _a01
_bО-40
100 _aОдарченко П.
245 _aБіобібліографія
260 _aТоронто
_aЕдмонтон
_c1983
_bОУП "Слово"
300 _a80 с.
650 7 _2UDC
942 _cBK
_2udc
955 _a1
999 _c430932
_d430932